000 00621nam a22002057a 4500
999 _c2118
_d2118
003 AR-CdUCM
008 190304b ||||| |||| 00| 0 spa d
040 _aMUNICIPALIDAD PROVINCIAL DEL CUSCO
_cBIBLIOTECA MUNICIPAL DEL CUSCO
082 _a868.6 /
_bC46
100 _aCela, Camilo José
_9347
245 _aLa Rueda de Los Ocios /
260 _aBarcelona - España :
_bMateu ;
_c1962.
300 _a335 páginas
_c18cm
440 _aColección Todo para Muchos
_97646
505 _aNovela
650 _aLiteratura Española
_9904
650 _aLiteratura del siglo XX
_97647
942 _2ddc
_cLIBROS
945 _anom